[Event "Weekend"]
[Site "Pinerolo ITA"]
[Date "2009.11.14"]
[Round "2"]
[White "Giaveno, Omar"]
[Black "Revello, Beatrice"]
[Result "0-1"]
[WhiteElo "1461"]
[BlackElo "1479"]
[PlyCount "114"]
[EventDate "2009.11.13"]

1. d4 Nf6 2. Nc3 d5 3. Bg5 e6 4. Nf3 c5 5. e3 h6 6. Bxf6 Qxf6 7. Nb5 Qd8 8. Ne5
a6 9. Nc3 Nd7 10. Nxd7 Bxd7 11. Be2 Be7 12. O-O O-O 13. e4 cxd4 14. Qxd4 dxe4
15. Nxe4 Bc6 16. Qxd8 Rfxd8 17. Ng3 Bf6 18. Rab1 Rac8 19. Nh5 Be7 20. b4 Be4
21. Bd3 Bxd3 22. cxd3 Rxd3 23. Nf4 Rd4 24. Ne2 Rxb4 25. Rxb4 Bxb4 26. Rb1 a5
27. a3 Bxa3 28. Rxb7 Bb4 29. h3 Kf8 30. g4 Ra8 31. Nd4 Bc3 32. Nc6 a4 33. f4 a3
34. Rb1 a2 35. Rd1 a1=Q 36. Rxa1 Rxa1+ 37. Kg2 Ra4 38. f5 exf5 39. gxf5 Rf4 40.
Kg3 Rxf5 41. h4 g5 42. hxg5 Rxg5+ 43. Kh4 f5 44. Na7 f4 45. Nc8 f3 46. Nd6 f2
47. Ne4 f1=Q 48. Nxg5 hxg5+ 49. Kxg5 Kf7 50. Kg4 Bd2 51. Kg3 Qf4+ 52. Kg2 Qe3
53. Kf1 Kg6 54. Kg2 Kg5 55. Kh1 Kg4 56. Kh2 Kf3 57. Kh3 Qg5 0-1

[Event "Weekend"]
[Site "Pinerolo ITA"]
[Date "2009.11.14"]
[Round "2"]
[White "La Mesa, Sergio"]
[Black "Della Penna, Vincenzo"]
[Result "0-1"]
[WhiteElo "1413"]
[BlackElo "1775"]
[PlyCount "68"]
[EventDate "2009.11.13"]

1. d4 f5 2. Nf3 Nf6 3. e3 g6 4. Bd3 Bg7 5. Nbd2 d6 6. O-O O-O 7. c3 Nbd7 8. Qc2
e5 9. e4 f4 10. d5 Nc5 11. Be2 h6 12. b4 Ncd7 13. Nh4 Nh7 14. Nxg6 Rf6 15. Nh4
Ndf8 16. Ndf3 Ng5 17. c4 Nxf3+ 18. Nxf3 Rg6 19. Re1 Nh7 20. Bf1 Bg4 21. Qd3
Bxf3 22. Qxf3 Ng5 23. Qd3 Qd7 24. Kh1 Rf8 25. Be2 Rgf6 26. f3 Rg6 27. Rg1 Bf6
28. Bd2 Rf7 29. c5 Rfg7 30. a4 Be7 31. Rac1 dxc5 32. bxc5 Bxc5 33. Rxc5 Nh3 34.
Bf1 Nf2# 0-1

[Event "Weekend"]
[Site "Pinerolo ITA"]
[Date "2009.11.14"]
[Round "2"]
[White "Moschetto, Giuliano"]
[Black "Petritaj, Ferdinando"]
[Result "0-1"]
[WhiteElo "1695"]
[BlackElo "2193"]
[PlyCount "44"]
[EventDate "2009.11.13"]

1. c4 Nf6 2. b3 c5 3. Nf3 Nc6 4. g3 b6 5. Bg2 Bb7 6. O-O e6 7. Bb2 Be7 8. d4
cxd4 9. Nxd4 Qb8 10. Nxc6 dxc6 11. Nc3 O-O 12. Qc2 a5 13. Rfd1 b5 14. Ne4 Rd8
15. Nxf6+ gxf6 16. Rxd8+ Bxd8 17. cxb5 cxb5 18. Bxb7 Qxb7 19. Rc1 a4 20. b4 Be7
21. a3 Rd8 22. Qc7 Rd1+ 0-1

[Event "Weekend"]
[Site "Pinerolo ITA"]
[Date "2009.11.14"]
[Round "2"]
[White "Piazza, Giacomo"]
[Black "De Vecchis, Luigi"]
[Result "1-0"]
[WhiteElo "1540"]
[BlackElo "1380"]
[PlyCount "133"]
[EventDate "2009.11.13"]

1. Nf3 d5 2. e3 Nf6 3. b3 g6 4. Bb2 Bg7 5. d3 O-O 6. Be2 c5 7. Nbd2 Nc6 8. a3
b6 9. c4 e6 10. Qc2 Bb7 11. h3 Rc8 12. g4 d4 13. e4 e5 14. Rg1 Qd6 15. h4 Rcd8
16. O-O-O Rd7 17. Rg2 Re8 18. Rdg1 Ne7 19. h5 Red8 20. Nh4 Nxe4 21. Nxe4 Bxe4
22. f3 Bb7 23. hxg6 Nxg6 24. Nxg6 fxg6 25. Kb1 Rf8 26. Rg3 Rdf7 27. Qd1 Rf6 28.
Bc1 a6 29. Bg5 R6f7 30. Rh3 b5 31. Rgh1 Bh8 32. Bh6 Rb8 33. Qc2 bxc4 34. dxc4
Qb6 35. Ka2 Bc8 36. Bd2 Rfb7 37. Rb1 Qf6 38. Bd3 Rf7 39. Rbh1 Rb6 40. g5 Qe6
41. Rh6 Rg7 42. Ba5 Rc6 43. Be4 Rd6 44. Qh2 Qe7 45. Bd5+ Be6 46. Be4 Bd7 47.
Bc7 Re6 48. Bd5 Bc8 49. Bxe5 Rf7 50. Bxe6 Bxe6 51. Rxg6+ Kf8 52. Qh6+ Ke8 53.
Rxe6 Bxe5 54. Rxe7+ Kxe7 55. Re1 Rf5 56. Qxh7+ Ke6 57. Qg8+ Kd6 58. Qb8+ Ke6
59. Qb6+ Kd7 60. g6 d3 61. Rh1 Bd6 62. Rh7+ Ke6 63. Qc6 d2 64. Qd7+ Ke5 65. Rh1
Rxf3 66. Rd1 Rf2 67. Qe8+ 1-0

[Event "Weekend"]
[Site "Pinerolo ITA"]
[Date "2009.11.14"]
[Round "2"]
[White "Sotgia, Cosimo"]
[Black "Longo, Luigi"]
[Result "1-0"]
[WhiteElo "1874"]
[BlackElo "1962"]
[PlyCount "49"]
[EventDate "2009.11.13"]

1. e4 e6 2. d4 d5 3. Nc3 Nf6 4. Bg5 Be7 5. e5 Nfd7 6. Bxe7 Qxe7 7. f4 a6 8. Nf3
c5 9. Qd2 Nc6 10. dxc5 Nxc5 11. Bd3 b5 12. O-O-O b4 13. Ne2 Bb7 14. h4 Rc8 15.
Kb1 a5 16. Ned4 Ne4 17. Bxe4 dxe4 18. Ng5 h6 19. Nxe4 Nxe5 20. Nf5 Nc4 21.
Ned6+ Kf8 22. Nxe7 Nxd2+ 23. Rxd2 Re8 24. Rhd1 Ba8 25. Ndc8 1-0

[Event "Weekend"]
[Site "Pinerolo ITA"]
[Date "2009.11.14"]
[Round "2"]
[White "Stroppa, Daniel"]
[Black "Medaglia, Enzo"]
[Result "1-0"]
[WhiteElo "2208"]
[BlackElo "1748"]
[PlyCount "65"]
[EventDate "2009.11.13"]

1. b3 Nf6 2. Bb2 d6 3. d4 g6 4. Nd2 Bg7 5. e4 O-O 6. Ngf3 Nbd7 7. g3 c5 8. Bg2
Rb8 9. O-O b5 10. Re1 Qc7 11. c4 a6 12. d5 Nb6 13. Qc2 bxc4 14. Nxc4 Nxc4 15.
Qxc4 a5 16. e5 Ne8 17. Rac1 Qa7 18. Bc3 Nc7 19. exd6 exd6 20. Bxg7 Kxg7 21. Ng5
Rb4 22. Qc3+ Rd4 23. Nf3 Nxd5 24. Qb2 Be6 25. Red1 Kg8 26. Nxd4 cxd4 27. Rxd4
Ne7 28. Rxd6 Nf5 29. Rd2 h5 30. Qf6 Nh6 31. h3 Nf5 32. Qe5 Qe7 33. Qxa5 1-0

[Event "Weekend"]
[Site "Pinerolo ITA"]
[Date "2009.11.14"]
[Round "2"]
[White "Topczewski, Damian"]
[Black "Porzio, Franco"]
[Result "1-0"]
[WhiteElo "2123"]
[BlackElo "1710"]
[PlyCount "49"]
[EventDate "2009.11.13"]

1. e4 e5 2. d4 exd4 3. Nf3 Nc6 4. Bc4 Nf6 5. e5 d5 6. Bb5 Ne4 7. Nxd4 Bd7 8.
Bxc6 bxc6 9. O-O Be7 10. f3 Nc5 11. Be3 O-O 12. f4 f6 13. Nd2 fxe5 14. fxe5 Ne6
15. N2b3 Bg5 16. Qd2 Bxe3+ 17. Qxe3 Qe7 18. c3 a5 19. a4 Rxf1+ 20. Rxf1 c5 21.
Nxe6 Qxe6 22. Nxc5 Qb6 23. e6 Bxa4 24. Qf2 Bb5 25. Qf7+ 1-0

[Event "Weekend"]
[Site "Pinerolo ITA"]
[Date "2009.11.14"]
[Round "2"]
[White "Zaccaria, Christian"]
[Black "Cirrincione, Giansalvo"]
[Result "0-1"]
[WhiteElo "1440"]
[BlackElo "1982"]
[PlyCount "108"]
[EventDate "2009.11.13"]

1. e4 c5 2. Nf3 g6 3. Bc4 Bg7 4. Nc3 Nc6 5. Ng5 e6 6. Nf3 Nge7 7. O-O O-O 8. b3
a6 9. Rb1 b5 10. Be2 d5 11. exd5 exd5 12. Qe1 Nb4 13. Bd1 Re8 14. a3 Nf5 15.
Ne2 Nc6 16. Bb2 Nfd4 17. Nfxd4 Nxd4 18. f3 Bf5 19. d3 Qe7 20. Bxd4 Bxd4+ 21.
Kh1 Bf6 22. g4 Bd7 23. Qd2 Qe3 24. Qxe3 Rxe3 25. Ng3 Rae8 26. Kg2 Bc6 27. Kf2
Bd4 28. Kg2 Bc3 29. h4 Re1 30. h5 Rxf1 31. Nxf1 Re1 32. Kf2 gxh5 33. gxh5 Bd7
34. Ne3 Rh1 35. Nxd5 Bd4+ 36. Kg2 Rxh5 37. c4 Bh3+ 38. Kg3 Bf1 39. Kg4 Rh2 40.
f4 Bxd3 41. Kg3 Rh1 42. Bc2 Rxb1 43. Bxb1 Bxb1 44. Nc7 bxc4 45. bxc4 Bd3 46.
Nxa6 Bxc4 47. Nc7 Bb3 48. Na6 c4 49. Kf3 Bb2 50. Nc5 Bxa3 51. Ne4 f5 52. Nc3
Bb2 53. Nb1 c3 54. Nxc3 Bxc3 0-1

[Event "Weekend"]
[Site "Pinerolo ITA"]
[Date "2009.11.14"]
[Round "3"]
[White "Abbura', Davide"]
[Black "Giacone, Maurizio"]
[Result "1/2-1/2"]
[WhiteElo "1691"]
[BlackElo "1731"]
[PlyCount "41"]
[EventDate "2009.11.13"]

1. e4 d5 2. exd5 Qxd5 3. Nc3 Qa5 4. d4 c6 5. Nf3 Bg4 6. Be2 Nf6 7. O-O e6 8.
Bd2 Nbd7 9. h3 Bh5 10. a3 Be7 11. b4 Qc7 12. Qc1 Bxf3 13. Bxf3 Nd5 14. Nxd5
cxd5 15. Be2 Rc8 16. Bd3 Nb6 17. Bb5+ Nd7 18. Bxd7+ Qxd7 19. Qb2 O-O 20. Rac1
Rc4 21. c3 1/2-1/2

[Event "Weekend"]
[Site "Pinerolo ITA"]
[Date "2009.11.14"]
[Round "3"]
[White "Bellia, Mario"]
[Black "Ghisio, Paolo"]
[Result "0-1"]
[WhiteElo "1582"]
[BlackElo "1351"]
[PlyCount "32"]
[EventDate "2009.11.13"]

1. Nf3 d5 2. b3 Nf6 3. Bb2 e6 4. e3 Bd6 5. Nc3 O-O 6. d4 Nc6 7. a3 e5 8. dxe5
Bxe5 9. Nxe5 Nxe5 10. Nb5 Neg4 11. Be2 c6 12. Nd4 Qd6 13. Nf3 Ne4 14. O-O c5
15. c4 Ng5 16. Qxd5 Nxf3+ 0-1

[Event "Weekend"]
[Site "Pinerolo ITA"]
[Date "2009.11.14"]
[Round "3"]
[White "Bergoglio, Piergiorgio"]
[Black "La Mesa, Sergio"]
[Result "0-1"]
[WhiteElo "1344"]
[BlackElo "1413"]
[PlyCount "56"]
[EventDate "2009.11.13"]

1. b4 d6 2. e4 e6 3. c3 g6 4. Be2 Bg7 5. Nf3 b6 6. d4 Bb7 7. Bb5+ Nd7 8. O-O
Bxe4 9. c4 a6 10. Ba4 Bb7 11. Bb2 Ne7 12. Qb3 O-O 13. Nbd2 c6 14. b5 c5 15. Bc3
d5 16. Qb2 Nf6 17. Rad1 Qc7 18. Bb3 axb5 19. dxc5 bxc4 20. Be5 Qxc5 21. Bd4 Qc6
22. Rc1 b5 23. Bd1 Nf5 24. Bc3 Nd7 25. Ne5 Nxe5 26. Bxe5 d4 27. Nf3 Bxe5 28.
Nxe5 Qxg2# 0-1

[Event "Weekend"]
[Site "Pinerolo ITA"]
[Date "2009.11.14"]
[Round "3"]
[White "Bonino, Matteo"]
[Black "Di Chiara, Mauro"]
[Result "1-0"]
[WhiteElo "1566"]
[BlackElo "1864"]
[PlyCount "39"]
[EventDate "2009.11.13"]

1. d4 d6 2. Nf3 Nf6 3. Nc3 g6 4. e4 Bg7 5. Be3 O-O 6. Qd2 c6 7. Bd3 b5 8. Bh6
Bb7 9. h4 Ng4 10. Bxg7 Kxg7 11. h5 Nd7 12. Qg5 b4 13. Ne2 Ndf6 14. e5 dxe5 15.
dxe5 Nxe5 16. Nxe5 c5 17. hxg6 fxg6 18. Qh6+ Kg8 19. Bxg6 Kh8 20. Bxh7 1-0

[Event "Weekend"]
[Site "Pinerolo ITA"]
[Date "2009.11.14"]
[Round "3"]
[White "Christen, Peter Walter"]
[Black "Combina, Alberto"]
[Result "1-0"]
[WhiteElo "1512"]
[BlackElo "1578"]
[PlyCount "79"]
[EventDate "2009.11.13"]

1. e4 c6 2. d4 d5 3. Nc3 dxe4 4. Nxe4 Bf5 5. Ng3 Bg6 6. h4 h6 7. Nf3 e6 8. h5
Bh7 9. Bd3 Bxd3 10. Qxd3 Nd7 11. Bf4 Ngf6 12. O-O-O Nd5 13. Bd2 Bd6 14. Rde1
Qc7 15. Nf5 O-O-O 16. Nxd6+ Qxd6 17. g3 Rde8 18. Ne5 Nxe5 19. dxe5 Qd7 20. c4
Nb6 21. Qxd7+ Kxd7 22. b3 Kc8 23. Rd1 Rd8 24. Be3 Nd7 25. f4 b6 26. Bd4 c5 27.
Bc3 Nb8 28. Rxd8+ Rxd8 29. Rd1 Rxd1+ 30. Kxd1 Nc6 31. Kd2 Kd7 32. Kd3 Nb4+ 33.
Bxb4 cxb4 34. g4 Kc6 35. Kd4 a6 36. Ke4 Kc5 37. f5 b5 38. cxb5 Kxb5 39. f6 gxf6
40. exf6 1-0

[Event "Weekend"]
[Site "Pinerolo ITA"]
[Date "2009.11.14"]
[Round "3"]
[White "Cirrincione, Giansalvo"]
[Black "Topczewski, Damian"]
[Result "1-0"]
[WhiteElo "1982"]
[BlackElo "2123"]
[PlyCount "117"]
[EventDate "2009.11.13"]

1. d4 d5 2. Bf4 Bf5 3. e3 e6 4. c4 c6 5. Nc3 Nf6 6. Qb3 b6 7. Nf3 Bd6 8. Ne5
O-O 9. Rc1 Qe7 10. Be2 Rc8 11. O-O Nbd7 12. h3 Bxe5 13. dxe5 Ne4 14. Nxe4 Bxe4
15. Qc3 h6 16. Rfd1 a5 17. a3 a4 18. f3 Bg6 19. Bd3 Bxd3 20. Rxd3 Nc5 21. Rdd1
Nb3 22. Rc2 Qc5 23. Qd3 Qe7 24. Qc3 Ra5 25. Bg3 Rc5 26. Qd3 b5 27. cxb5 cxb5
28. Rxc5 Qxc5 29. Be1 Nc1 30. Qd2 Qc2 31. Qxc2 Rxc2 32. Rd2 Rc4 33. Rd1 Kh7 34.
Kf1 Kg6 35. Bc3 Nb3 36. Ke2 Kf5 37. g3 Nc5 38. Rd4 Rxd4 39. exd4 Nd7 40. Ke3
Nb8 41. h4 h5 42. Bb4 f6 43. exf6 gxf6 44. Bc3 Nc6 45. Kd3 e5 46. Ke3 e4 47.
fxe4+ dxe4 48. d5 Nb8 49. d6 Nd7 50. Kd4 Kg4 51. Kxe4 Kxg3 52. Kf5 Kxh4 53.
Bxf6+ Kg3 54. Ke6 Nc5+ 55. Ke7 Kf4 56. d7 Nxd7 57. Kxd7 Kf5 58. Bd8 Ke5 59. Kc6
1-0

[Event "Weekend"]
[Site "Pinerolo ITA"]
[Date "2009.11.14"]
[Round "3"]
[White "De Vecchis, Luigi"]
[Black "Giaveno, Omar"]
[Result "0-1"]
[WhiteElo "1380"]
[BlackElo "1461"]
[PlyCount "84"]
[EventDate "2009.11.13"]

1. d4 d5 2. c4 c6 3. e3 e6 4. Nc3 Na6 5. Nf3 c5 6. cxd5 exd5 7. Bxa6 bxa6 8.
Qa4+ Qd7 9. Qxd7+ Bxd7 10. Nxd5 Rc8 11. O-O Bd6 12. Nc3 c4 13. Bd2 Nf6 14. d5
O-O 15. b3 Rfe8 16. Rfb1 Bf5 17. Re1 Ne4 18. Nxe4 Bxe4 19. bxc4 Rxc4 20. a4
Bxd5 21. Rec1 Rxc1+ 22. Rxc1 h6 23. Nd4 Rb8 24. a5 Rb2 25. Rc2 Rb1+ 26. Rc1
Rxc1+ 27. Bxc1 Bb4 28. f3 Bxa5 29. Kf2 Bc7 30. h3 a5 31. Ba3 a4 32. Nb5 Bb6 33.
Nd4 Kh7 34. Kg3 Kg6 35. Bd6 h5 36. Kf4 Kf6 37. Ba3 g5+ 38. Kg3 Ke5 39. Be7 f5
40. Bxg5 a3 41. Bf4+ Kf6 42. Nc2 a2 0-1

[Event "Weekend"]
[Site "Pinerolo ITA"]
[Date "2009.11.14"]
[Round "3"]
[White "Della Penna, Vincenzo"]
[Black "Cirrincione Paze', Paolo"]
[Result "0-1"]
[WhiteElo "1775"]
[BlackElo "1650"]
[PlyCount "66"]
[EventDate "2009.11.13"]

1. e4 c5 2. Nf3 d6 3. Bc4 e6 4. Nc3 Nc6 5. d4 cxd4 6. Nxd4 g6 7. Be3 Bg7 8. Qd2
Nge7 9. O-O-O O-O 10. Nxc6 Nxc6 11. Nb5 a6 12. Nxd6 Qc7 13. Nxc8 Raxc8 14. Qd6
Qa5 15. Qd2 Nb4 16. Bb3 Nxa2+ 17. Kb1 Nc3+ 18. bxc3 Bxc3 19. Qxc3 Qxc3 20. Rd3
Qc7 21. Rhd1 Rfd8 22. Bf4 Rxd3 23. Rxd3 Qxf4 24. f3 Qxh2 25. Rd2 Rc3 26. Kb2
Rxf3 27. Rd8+ Kg7 28. gxf3 Qf4 29. Rd3 h5 30. c3 h4 31. Bd1 h3 32. Be2 h2 33.
Rd1 Qg3 0-1

[Event "Weekend"]
[Site "Pinerolo ITA"]
[Date "2009.11.14"]
[Round "3"]
[White "Faraud, Roberto"]
[Black "Moschetto, Giuliano"]
[Result "0-1"]
[WhiteElo "1497"]
[BlackElo "1695"]
[PlyCount "64"]
[EventDate "2009.11.13"]

1. f4 b6 2. e4 Bb7 3. Nc3 Nc6 4. Nf3 g6 5. d4 e6 6. Be2 Bg7 7. Be3 Nce7 8. Qd2
Nf6 9. e5 Nfd5 10. Nxd5 Nxd5 11. Bf2 d6 12. O-O O-O 13. c3 dxe5 14. dxe5 c5 15.
Rad1 Bh6 16. g3 Qc7 17. Be3 Nxe3 18. Qxe3 Rfd8 19. Kf2 Bf8 20. h4 Bc6 21. Rh1
h5 22. Rhg1 Rxd1 23. Bxd1 Be7 24. Ng5 c4 25. Ne4 Rd8 26. Ke2 Rd3 27. Nf6+ Bxf6
28. Qf2 Be7 29. b4 Qd7 30. Qe1 Bf3+ 31. Kf2 Bxd1 32. g4 Bxh4+ 0-1

[Event "Weekend"]
[Site "Pinerolo ITA"]
[Date "2009.11.14"]
[Round "3"]
[White "Finocchiaro, Gianluca"]
[Black "Stroppa, Daniel"]
[Result "1/2-1/2"]
[WhiteElo "2065"]
[BlackElo "2208"]
[PlyCount "87"]
[EventDate "2009.11.13"]

1. e4 d6 2. d4 Nf6 3. Nc3 g6 4. Nf3 Bg7 5. Be3 a6 6. a4 O-O 7. h3 b6 8. Bc4 e6
9. O-O Bb7 10. Bg5 h6 11. Bh4 g5 12. Bg3 Nxe4 13. Nxe4 Bxe4 14. Qe2 Bb7 15. c3
Nd7 16. Nh2 d5 17. Bb3 c5 18. Rad1 a5 19. Be5 Nxe5 20. dxe5 Ba6 21. c4 Qc7 22.
Rfe1 dxc4 23. Bc2 Bb7 24. Qh5 f5 25. exf6 Rxf6 26. Ng4 Qf7 27. Nxf6+ Qxf6 28.
Rd6 Rf8 29. Qe2 Bd5 30. Rxb6 Qf4 31. Qe3 Qh4 32. Qg3 Qxg3 33. fxg3 Bd4+ 34. Kh2
Rf2 35. Be4 Rxb2 36. Rd6 Bxe4 37. Rxe4 c3 38. Rdxe6 c2 39. Re8+ Kf7 40. R8e7+
Kg6 41. R7e6+ Bf6 42. Rc4 Kf7 43. Ra6 Bd4 44. Rxa5 1/2-1/2

[Event "Weekend"]
[Site "Pinerolo ITA"]
[Date "2009.11.14"]
[Round "3"]
[White "Giordana, Diego"]
[Black "Piazza, Giacomo"]
[Result "0-1"]
[WhiteElo "1485"]
[BlackElo "1540"]
[PlyCount "132"]
[EventDate "2009.11.13"]

1. e4 e5 2. Nf3 f5 3. Bc4 fxe4 4. Nxe5 Qg5 5. d4 Qxg2 6. Rf1 Nf6 7. Bf7+ Ke7 8.
b3 Nc6 9. Ba3+ d6 10. Nc3 Nxe5 11. dxe5 Kxf7 12. exf6 g6 13. Qd5+ Be6 14. Qxb7
Bh6 15. Nxe4 Rhd8 16. Nxd6+ Rxd6 17. Qxg2 Bd5 18. Qh3 Re8+ 19. Qe3 Bxe3 20.
Bxd6 Bc5+ 21. Kd2 Bxd6 22. c4 Bf4+ 23. Kd3 Be4+ 24. Kd4 Bb7 25. Rae1 Rd8+ 26.
Kc5 Bd6+ 27. Kb5 c6+ 28. Ka4 Bc7 29. Kb4 Kxf6 30. Re2 Be5 31. Rfe1 a5+ 32. Kxa5
Bc3+ 33. Kb6 Bxe1 34. Kxb7 Bc3 35. Kxc6 Be5 36. Re3 Rd2 37. Rf3+ Kg7 38. a4
Bxh2 39. a5 Bg1 40. a6 Bxf2 41. c5 Bd4 42. Rf1 Ra2 43. Kb6 Bxc5+ 44. Kxc5 Rxa6
45. Kb5 Re6 46. Kc5 h5 47. b4 g5 48. b5 Kg6 49. b6 Re2 50. Rb1 Rc2+ 51. Kd4 Rc8
52. b7 Rb8 53. Ke5 h4 54. Rb3 Kh5 55. Kd6 g4 56. Rb2 h3 57. Kc7 Rxb7+ 58. Kxb7
Kh4 59. Kb6 Kg3 60. Rb3+ Kh4 61. Kc5 h2 62. Rb8 g3 63. Kd4 Kh3 64. Ke3 h1=Q 65.
Rh8+ Kg2 66. Rxh1 Kxh1 0-1

[Event "Weekend"]
[Site "Pinerolo ITA"]
[Date "2009.11.14"]
[Round "3"]
[White "Longo, Luigi"]
[Black "Carrozza, Alessandro"]
[Result "1-0"]
[WhiteElo "1962"]
[BlackElo "1458"]
[PlyCount "42"]
[EventDate "2009.11.13"]

1. d4 Nf6 2. Nf3 g6 3. Bg5 Bg7 4. Nbd2 O-O 5. e4 d6 6. Bd3 c5 7. c3 Nfd7 8. d5
Ne5 9. Nxe5 Bxe5 10. Bh6 Re8 11. Nf3 Bg7 12. Qd2 e6 13. O-O-O exd5 14. exd5 Nd7
15. Bxg7 Kxg7 16. Qf4 Qf6 17. Qa4 b6 18. Bb5 Re7 19. Bc6 Rb8 20. Qxa7 Qf5 21.
Bxd7 Rb7 1-0

[Event "Weekend"]
[Site "Pinerolo ITA"]
[Date "2009.11.14"]
[Round "3"]
[White "Martin, Tiziano"]
[Black "Zaccaria, Christian"]
[Result "1-0"]
[WhiteElo "1968"]
[BlackElo "1440"]
[PlyCount "74"]
[EventDate "2009.11.13"]

1. e4 c5 2. Nc3 d6 3. g3 Nc6 4. Bg2 g6 5. d3 Bg7 6. Be3 Nf6 7. h3 O-O 8. Qd2
Ne5 9. f4 Ned7 10. Nf3 e6 11. O-O Qa5 12. d4 cxd4 13. Nxd4 a6 14. Nb3 Qc7 15.
Rad1 Ne8 16. Bd4 Bxd4+ 17. Nxd4 Qb6 18. Na4 Qa7 19. Kh2 e5 20. Nf3 b5 21. Nc3
Bb7 22. fxe5 Nxe5 23. Nxe5 dxe5 24. Qd7 Bc8 25. Qd2 Be6 26. Nd5 f6 27. Qf2 Qxf2
28. Rxf2 Ra7 29. b3 Kg7 30. c4 Rd7 31. c5 Nc7 32. Rfd2 Rff7 33. c6 Rxd5 34.
exd5 Bc8 35. d6 Ne6 36. Bd5 Rf8 37. d7 Ng5 1-0

[Event "Weekend"]
[Site "Pinerolo ITA"]
[Date "2009.11.14"]
[Round "3"]
[White "Medaglia, Enzo"]
[Black "Combina, Gabriele"]
[Result "1-0"]
[WhiteElo "1748"]
[BlackElo "1572"]
[PlyCount "95"]
[EventDate "2009.11.13"]

1. e4 c5 2. Nf3 d6 3. g3 Nf6 4. Nc3 e6 5. Bg2 Be7 6. d3 Nc6 7. O-O Bd7 8. Ne2
O-O 9. Kh1 Rc8 10. Nfg1 b5 11. f4 a5 12. b3 e5 13. f5 Nd4 14. Nxd4 cxd4 15. Bd2
Bc6 16. g4 h6 17. Bf3 d5 18. Re1 dxe4 19. dxe4 Bb7 20. Nh3 Nd7 21. Rg1 Bg5 22.
Nxg5 hxg5 23. Rc1 f6 24. Qe1 b4 25. h4 gxh4 26. Qxh4 Kf7 27. Qh5+ Ke7 28. Qg6
Rh8+ 29. Kg2 Qg8 30. Rh1 Nf8 31. Rxh8 Qxh8 32. Qh5 Qxh5 33. gxh5 Nd7 34. a3
bxa3 35. Bxa5 a2 36. Bb4+ Kf7 37. c4 dxc3 38. h6 c2 39. h7 g5 40. fxg6+ Kg7 41.
Kf2 a1=Q 42. Rxa1 c1=Q 43. Rxc1 Rxc1 44. Bg4 Nb6 45. Bf8+ Kh8 46. g7+ Kxh7 47.
Bf5+ Kg8 48. Be6+ 1-0

[Event "Weekend"]
[Site "Pinerolo ITA"]
[Date "2009.11.14"]
[Round "3"]
[White "Molina, Fabrizio"]
[Black "Babilonia, Mauricio Rafael"]
[Result "1/2-1/2"]
[WhiteElo "2220"]
[BlackElo "2035"]
[PlyCount "60"]
[EventDate "2009.11.13"]

1. Nf3 Nf6 2. d4 d5 3. c4 c6 4. g3 Bf5 5. Bg2 Nbd7 6. O-O e6 7. b3 h6 8. Bb2
Be7 9. Nc3 O-O 10. Nd2 Re8 11. Rc1 Qa5 12. a3 a6 13. Re1 Bg6 14. b4 Qd8 15. c5
Qc7 16. f4 Nh7 17. Qb3 f5 18. a4 Bh5 19. e3 g5 20. Kh1 Nhf6 21. Ra1 Kf7 22. Nf3
Bxf3 23. Bxf3 g4 24. Bg2 h5 25. Kg1 h4 26. Kf2 Rh8 27. Rh1 Nh5 28. Ne2 Nhf6 29.
Nc1 Nh5 30. Ne2 Nhf6 1/2-1/2

[Event "Weekend"]
[Site "Pinerolo ITA"]
[Date "2009.11.14"]
[Round "3"]
[White "Pesiri, Rossano"]
[Black "Carnino, Luca"]
[Result "1-0"]
[WhiteElo "1497"]
[BlackElo "1819"]
[PlyCount "69"]
[EventDate "2009.11.13"]

1. d4 f5 2. Bg5 g6 3. c4 Bg7 4. Nc3 Nf6 5. Nf3 h6 6. Bf4 g5 7. Bd2 d6 8. Qc2
O-O 9. O-O-O Qe8 10. Re1 Ng4 11. Nd1 c6 12. h4 gxh4 13. Nxh4 e6 14. f3 Nf6 15.
e4 fxe4 16. fxe4 b5 17. e5 dxe5 18. Ng6 exd4 19. Nxf8 Qxf8 20. Qg6 Qf7 21.
Qxf7+ Kxf7 22. cxb5 cxb5 23. Bxb5 Bb7 24. Bc4 Be4 25. Bxh6 Nbd7 26. Bxg7 Kxg7
27. Nf2 Rc8 28. Nxe4 Rxc4+ 29. Kd2 e5 30. Nxf6 Kxf6 31. Rh6+ Kf5 32. Rd6 Nb6
33. Kd3 Rc7 34. g4+ Kxg4 35. Rxe5 1-0

[Event "Weekend"]
[Site "Pinerolo ITA"]
[Date "2009.11.14"]
[Round "3"]
[White "Petritaj, Ferdinando"]
[Black "Sotgia, Cosimo"]
[Result "1-0"]
[WhiteElo "2193"]
[BlackElo "1874"]
[PlyCount "79"]
[EventDate "2009.11.13"]

1. d4 c5 2. d5 Nf6 3. c4 b5 4. cxb5 a6 5. Nc3 g6 6. e4 d6 7. Nf3 Bg7 8. e5 Ng4
9. e6 fxe6 10. Ng5 e5 11. Bd3 O-O 12. O-O Nf6 13. a4 axb5 14. Nxb5 Na6 15. Ra3
h6 16. Ne4 Nc7 17. Nbc3 Ba6 18. Ng3 Bxd3 19. Qxd3 Qe8 20. Nge4 Qf7 21. Nxf6+
exf6 22. Be3 f5 23. f3 Rfb8 24. Nb5 Nxb5 25. axb5 Rxa3 26. bxa3 Qa7 27. Rb1 Qa5
28. Qb3 e4 29. b6 Bd4 30. Bxd4 cxd4 31. fxe4 fxe4 32. Qg3 Rxb6 33. Qxg6+ Kh8
34. Qxh6+ Kg8 35. Qg5+ Kh7 36. Qe7+ Kh6 37. Rf1 Qxd5 38. Rf6+ Kh5 39. Qh7+ Kg4
40. h3+ 1-0

[Event "Weekend"]
[Site "Pinerolo ITA"]
[Date "2009.11.14"]
[Round "3"]
[White "Porzio, Franco"]
[Black "Giaveno, Marzio"]
[Result "1-0"]
[WhiteElo "1710"]
[BlackElo "1509"]
[PlyCount "75"]
[EventDate "2009.11.13"]

1. e4 d5 2. exd5 Qxd5 3. Nc3 Qa5 4. d4 c6 5. Nf3 Bf5 6. Bc4 e6 7. O-O Nf6 8.
Re1 Bb4 9. Bd2 Nbd7 10. Bb3 Nd5 11. Nh4 Nxc3 12. bxc3 Bxc3 13. Bxc3 Qxc3 14.
Nxf5 O-O 15. Ng3 Nf6 16. Ne4 Nxe4 17. Rxe4 Rad8 18. Qe1 Qb2 19. Rb1 Qa3 20. Qe3
Qd6 21. c3 Qe7 22. f4 g6 23. Re1 Rd6 24. c4 c5 25. d5 Re8 26. Ba4 Red8 27. dxe6
f5 28. Re5 Rd3 29. Qxc5 R8d6 30. Rd5 R3xd5 31. cxd5 b6 32. Qd4 Qh4 33. Rc1 Qe7
34. Rc8+ Rd8 35. Rxd8+ Qxd8 36. d6 h6 37. e7 Qc8 38. e8=Q+ 1-0

[Event "Weekend"]
[Site "Pinerolo ITA"]
[Date "2009.11.14"]
[Round "3"]
[White "Revello, Beatrice"]
[Black "Flego, Dario"]
[Result "0-1"]
[WhiteElo "1479"]
[BlackElo "1768"]
[PlyCount "100"]
[EventDate "2009.11.13"]

1. e4 d5 2. exd5 Qxd5 3. d4 Nf6 4. Nf3 Bf5 5. c4 Qd6 6. Qb3 Bc8 7. c5 Qe6+ 8.
Qxe6 Bxe6 9. Nc3 g6 10. Be3 c6 11. h3 Bg7 12. Be2 O-O 13. O-O a5 14. Ng5 Bd7
15. Bf3 Na6 16. Na4 Rad8 17. Nb6 Nc7 18. Ne4 Ncd5 19. Nxf6+ Nxf6 20. Nxd7 Rxd7
21. Rfd1 Nd5 22. Bxd5 Rxd5 23. Rd2 f5 24. g3 Rfd8 25. Rad1 h5 26. b3 Kh7 27.
Kg2 Bh6 28. Bxh6 Kxh6 29. f4 g5 30. h4 gxf4 31. gxf4 Rg8+ 32. Kf3 Rg4 33. Rh2
e5 34. fxe5 Rgxd4 35. Rxd4 Rxd4 36. e6 Re4 37. Re2 Rxe2 38. Kxe2 Kg7 39. Kf3
Kf6 40. Ke3 Kxe6 41. Kf4 Kf6 42. a3 Ke6 43. b4 axb4 44. axb4 Kf6 45. Kf3 Ke5
46. Ke3 f4+ 47. Kf3 Kf5 48. Ke2 Kg4 49. Kf2 Kxh4 50. Kf3 Kg5 0-1

[Event "Weekend"]
[Site "Pinerolo ITA"]
[Date "2009.11.15"]
[Round "4"]
[White "Adduasio, Simone"]
[Black "Faraud, Roberto"]
[Result "0-1"]
[WhiteElo "1302"]
[BlackElo "1497"]
[PlyCount "74"]
[EventDate "2009.11.13"]

1. e4 e5 2. Nf3 Nc6 3. Bc4 f6 4. Nc3 Bc5 5. O-O a6 6. Nd5 b5 7. Bb3 Na5 8. d4
exd4 9. Nxd4 c6 10. Nf4 Nxb3 11. axb3 Qe7 12. Re1 Qe5 13. c3 Ne7 14. Nd3 Bxd4
15. Nxe5 Bxe5 16. Qh5+ Ng6 17. Qf3 O-O 18. Be3 Bc7 19. Bc5 d6 20. Qg3 Ne5 21.
Bd4 Be6 22. Ra3 Ng4 23. h3 Ne5 24. Rea1 a5 25. b4 a4 26. b3 Bxb3 27. f4 Nc4 28.
Bxf6 Rxf6 29. Rxb3 Raf8 30. Rbb1 Rxf4 31. Rf1 Bb6+ 32. Kh1 Rxf1+ 33. Rxf1 Rxf1+
34. Kh2 Bg1+ 35. Kh1 Bf2+ 36. Kh2 Bxg3+ 37. Kxg3 a3 0-1

[Event "Weekend"]
[Site "Pinerolo ITA"]
[Date "2009.11.15"]
[Round "4"]
[White "Babilonia, Mauricio Rafael"]
[Black "Finocchiaro, Gianluca"]
[Result "1-0"]
[WhiteElo "2035"]
[BlackElo "2065"]
[PlyCount "69"]
[EventDate "2009.11.13"]

1. d4 c5 2. d5 Nf6 3. c4 b5 4. f3 d6 5. cxb5 a6 6. e4 g6 7. Nc3 Bg7 8. Bd3 O-O
9. Nge2 e6 10. dxe6 fxe6 11. Bg5 Qb6 12. a4 axb5 13. Bxb5 Nbd7 14. O-O Ne5 15.
Kh1 h6 16. Be3 Qc7 17. Qd2 g5 18. Rad1 Rd8 19. f4 Neg4 20. fxg5 hxg5 21. Bxg5
d5 22. Bf4 e5 23. Bg5 Bb7 24. Nxd5 Bxd5 25. exd5 Qf7 26. h3 Qg6 27. Bxf6 Nxf6
28. Qe3 Rac8 29. Ng3 e4 30. Nf5 Bf8 31. Qf4 c4 32. Nh4 Qh6 33. Qxf6 Qxf6 34.
Rxf6 Be7 35. Rf4 1-0